000 01699nam a2200457 i 4500
001 100920
003 FINmELB
005 20241217173106.0
006 m o u
007 cr cn|||||||||
008 200928s2005 sp ob 000 0 spa d
020 _a9788429014204
_q(e-book)
035 _a(OCoLC)1193995303
040 _aFINmELB
_bspa
_erda
_cFINmELB
050 4 _aKKT3132.5
_bC833 2005
080 _a351.759.4(460)
080 _a347.241(460)
080 _a347.42(460):699.844
082 0 0 _a344.4604638
_223
100 1 _aCuadrado Pérez, Carlos.
245 1 0 _aRuido, inmisiones y edificación /
_cCarlos Cuadrado Pérez ; prólogo de Joaquín Rams Albesa.
264 1 _aMadrid :
_bReus,
_c2005.
300 _a1 recurso en línea (174 páginas)
336 _atexto
_btxt
_2rdacontent/spa
337 _acomputadora
_bc
_2rdamedia/spa
338 _arecurso en línea
_bcr
_2rdacarrier/spa
490 0 _aColección Urbanismo y derecho
504 _aBibliografía: páginas 165-172.
588 _aDescripción basada en metadatos suministrados por el editor y otras fuentes.
590 _aRecurso electrónico. Santa Fe, Arg.: elibro, 2020. Disponible vía World Wide Web. El acceso puede estar limitado para las bibliotecas afiliadas a elibro.
650 4 _aRuido
_xControl
_xDerecho
_zEspaña.
650 4 _aVecindad (Derecho)
_zEspaña.
650 4 _aVicios de la construcción
_zEspaña.
655 4 _aLibros electrónicos.
797 2 _aelibro, Corp.
856 4 0 _uhttps://elibro.net/ereader/politecnicointernacional/120699
999 _c100920
_d100920